The Gregg Reference Manual (Record no. 609098)
[ view plain ]
| 000 -LEADER | |
|---|---|
| fixed length control field | 00309nam a22001217a 4500 |
| 020 ## - INTERNATIONAL STANDARD BOOK NUMBER | |
| International Standard Book Number | 0028040481 |
| 040 ## - CATALOGING SOURCE | |
| Transcribing agency | nust |
| 082 ## - DEWEY DECIMAL CLASSIFICATION NUMBER | |
| Edition number | 9th Edition |
| Classification number | 808.042 |
| Author Mark | SAB |
| 100 ## - MAIN ENTRY--PERSONAL NAME | |
| Personal name | Sabin. A William |
| 9 (RLIN) | 122644 |
| 245 ## - TITLE STATEMENT | |
| Title | The Gregg Reference Manual |
| 650 ## - SUBJECT ADDED ENTRY--TOPICAL TERM | |
| Topical term or geographic name entry element | The Gregg Reference Manual |
| 9 (RLIN) | 122645 |
| 942 ## - ADDED ENTRY ELEMENTS (KOHA) | |
| Source of classification or shelving scheme | |
| Koha item type | Book |
| Withdrawn status | Lost status | Source of classification or shelving scheme | Damaged status | Not for loan | Permanent Location | Current Location | Shelving location | Date acquired | Shelving control number | Full call number | Barcode | Date last seen | Price effective from | Koha item type | Public note |
|---|---|---|---|---|---|---|---|---|---|---|---|---|---|---|---|
| College of Electrical & Mechanical Engineering (CEME) | College of Electrical & Mechanical Engineering (CEME) | Fiction | 05/14/2024 | English Literature | 808.042 SAB | CEME- 40445 | 05/14/2024 | 05/14/2024 | Fiction | CART-4 |
